=LDR 00000nam 2200000 4500 =001 INLIS000000000030608 =005 20241029111258 =035 ##$$a 0010-061300000030608 =008 241029################a##########0#ind## =041 ##$$a ind =082 ##$$a F Rom K =090 ##$$a F Rom K, Cla g =100 ##$$a Clara,Ng =245 1#$$a Gaya rambut pascal /$c Clara ng, Ilustrasi, Verdi =260 ##$$a Jakarta :$b Gramedia pustaka utama,$c 2005 =300 ##$$a 21 hlm : $b ilus, ; $c 21cm =650 #4$$a Fiksi Kanak-kanak =850 ##$$a NBPNMAT =020 ##$$a 979 22 14895 =084 ##$$a F Rom K CLA g =990 ##$$a 0001/BPAP-NTB/20142015